|
|
|
|
| LEADER |
00000nas a2200000 a 4500 |
| 001 |
ssj0000257 |
| 003 |
WaSeSS |
| 005 |
20200512172242.0 |
| 006 |
m d |
| 007 |
cr n |
| 008 |
800620c19239999nyuwr p s 0 a0eng c |
| 010 |
|
|
|a sn 82008126
|
| 016 |
|
|
|a (AMICUS)000000907688
|
| 022 |
|
|
|l 0028-7806
|y 0028-7806
|
| 032 |
|
|
|a 383540
|b USPS
|
| 035 |
|
|
|a (WaSeSS)ssj0000257
|
| 037 |
|
|
|b New York Times Co., Times Square, New York, N.Y. 10036
|
| 040 |
|
|
|a PIT
|b eng
|c PIT
|d FUG
|d NSD
|d AIP
|d HUL
|d IUL
|d OCL
|d AIP
|d NSD
|d NST
|d NSD
|d OCLCQ
|d BNM
|d OCLCQ
|d KRTAS
|d OCLCQ
|d KMS
|d OCLCF
|d OCLCO
|d OVY
|d OCLCO
|d DOS
|d OCLCO
|d OCL
|d OCLCO
|d MTG
|d OCLCQ
|d SAV
|d NLC
|d OCLCQ
|d IOG
|d CSJ
|d OCLCQ
|d CCH
|d OCLCQ
|d HTM
|d WUW
|d OCLCO
|d HUO
|d TF8
|d OCLCO
|d CPO
|d OCLCO
|d GZW
|d OCLCO
|d OCLCQ
|d OCLCO
|d WaSeSS
|
| 042 |
|
|
|a nsdp
|a pcc
|
| 050 |
|
4 |
|a AP2
|b .N65
|
| 082 |
1 |
0 |
|a 028
|2 12
|
| 210 |
0 |
|
|a N.Y. times book rev.
|
| 222 |
|
4 |
|a The New York times book review
|
| 245 |
0 |
4 |
|a The New York times book review
|h [electronic resource].
|
| 246 |
3 |
0 |
|a Book review
|
| 260 |
|
|
|a New York, N.Y. :
|b New York Times Co.
|
| 310 |
|
|
|a Weekly
|
| 362 |
1 |
|
|a Began: Sept. 9, 1923.
|
| 506 |
|
|
|a License restrictions may limit access.
|
| 555 |
|
|
|a 1896-1970. 5 volumes ; 31 cm (Includes index to the journal under its earlier titles).
|
| 580 |
|
|
|a Issued also as a section of the Sunday issue of: New York times.
|
| 588 |
|
|
|a Description based on: Vol. 89, no. 2 (Jan. 8, 1984); title from caption.
|
| 650 |
|
0 |
|a Books
|v Reviews
|v Periodicals.
|
| 650 |
|
6 |
|a Livres
|v Recensions
|v Périodiques.
|
| 650 |
|
7 |
|a Books.
|2 fast
|0 (OCoLC)fst00836401
|
| 655 |
|
0 |
|a Electronic journals.
|
| 780 |
0 |
0 |
|t New York times book review and magazine
|w (OCoLC)11218205
|
| 787 |
1 |
|
|t New York times
|x 0362-4331
|w (OCoLC)1645522
|
| 850 |
|
|
|a CU-Riv
|a InU
|a MH-KG
|a MnU
|a MnSU
|a NcD
|a ViBlbV
|
| 856 |
4 |
0 |
|z Full text available from Research Library: 01/24/1988 to present
|u https://search.proquest.com/publication/9197
|